Представление документа в формате MARC21

Поле Инд. ПП Название Значение
Тип записи a
Библиографический уровень m
001 Контрольный номер RU/LIBMSTU/381494183
005 Дата корректировки 20200422104411.4
008 Кодируемые данные 120206|||||||||ru |||||||||||000|||rus||
040 b Код языка каталог. rus
041 0_ a Код языка текста rus
084 a Индекс другой классификации/Индекс ББК 94+33.36+33.13
090 a Полочн. индекс 94
x Авторский знак Х 95
100 1_ a Автор Хруленко А. А.
245 10 a Заглавие Разработка методов и технологии применения скважин с высокотехнологичными компоновками при разработке морских нефтегазовых месторождений
b Продолж. заглавия автореф. дис. ... канд. техн. наук : 25.00.18
c Ответственность Рос. гос. ун-т нефти и газа им. И. М. Губкина
260 a Место издания Москва
c Дата издания 2012
300 a Объем 24 с.
b Иллюстрации/ тип воспроизводства цв. ил.
650 04 a Основная рубрика Морские нефтяные месторождения-Разработка-Авторефераты диссертаций
653 0_ a Ключевые слова Авторефераты диссертаций
a Ключевые слова Добыча нефти
a Ключевые слова Моделирование скважин
a Ключевые слова Морские нефтегазовые месторождения
a Ключевые слова Оптимизация скважин
a Ключевые слова Освоение морских месторождений
a Ключевые слова Оценка эффективности скважин
a Ключевые слова Скважины высокотехнологичные
a Ключевые слова Скважины нефтяные
901 t Тип документа r